La revolución pendiente : la automoción ante el cambio /

Sparad:
Bibliografiska uppgifter
Huvudupphov: Díaz Ruiz, Juan José (autor)
Övriga upphov: Nueno, Pedro (prólogo) (prólogo)
Materialtyp: Bok
Språk:spanska
Utgiven: Barcelona, España : Gestión 2000, 2003, c2003
Ämnen:
Taggar: Lägg till en tagg
Inga taggar, Lägg till första taggen!

MARC

LEADER 00000nam^a2200000^a^4500
001 000171352
005 20250521000000.0
009 20260310101341.564
020 |a 84-8088-965-9 
037 |a Acervo ITESO - Biblioteca 
041 |a ESP 
082 |a 658. 9292220940  |b DIA 
100 |a Díaz Ruiz, Juan José  |e (autor) 
245 1 3 |a La revolución pendiente :  |b la automoción ante el cambio /  |c J.J. Díaz Ruiz ; pról. de P. Nueno. 
264 4 |a Barcelona, España :  |b Gestión 2000,  |c 2003, c2003 
300 |a 109 p. 
336 |a texto  |b txt  |2 rdacontenido 
337 |a sin mediación  |b n  |2 rdamedio 
338 |a volumen  |b nc  |2 rdasoporte 
649 |a XX 
650 |a Industria Automotriz -  |z Europa -  |x Administración -  |x Tema Principal 
650 |a Ingeniería Automotriz 
650 |a Competencia Internacional (Economía) 
650 |a Marcas (Mercadotecnia) 
650 |a Desarrollo de Productos Nuevos -  |x Administración 
650 |a Innovación Administrativa -  |x Tema Principal 
650 |a Proceso Administrativo -  |x Dirección 
650 |a Mercadotecnia 
650 |a Ciencias Administrativas 
700 |a Nueno, Pedro  |e (prólogo) 
910 |a Fondo General 
920 |a Impresos - Libros 
930 |a Colección General 
905 |a 101 
901 |a 0500108666  |b IT1  |c ACC  |u 20250521 
902 |a https://opac.biblio.iteso.mx/vufind/Record/000171352